[Event "British Columbia-ch"]
[Site "Vancouver CAN"]
[Date "2004.04.12"]
[Round "6"]
[White "Marosi, Gyorgy"]
[Black "Fullbrook, Nigel"]
[Result "1/2-1/2"]
[WhiteElo "2131"]
[BlackElo "2222"]
[PlyCount "105"]
[GameId "2160767911166746"]
[EventDate "2004.04.09"]
[EventType "tourn"]
[EventRounds "7"]
[EventCountry "CAN"]
[SourceTitle "EXT 2006"]
[Source "ChessBase"]
[SourceDate "2005.11.24"]
[SourceVersion "1"]
[SourceVersionDate "2005.11.24"]
[SourceQuality "1"]

1. e4 d6 2. d4 Nf6 3. Nc3 g6 4. Be2 Bg7 5. Be3 b6 6. Bf3 c6 7. h3 O-O 8. Nge2 Bb7 9. Qd2 Nbd7 10. Bh6 b5 11. Bxg7 Kxg7 12. Ng3 Rb8 13. h4 Kh8 14. h5 Rg8 15. hxg6 Rxg6 16. Nce2 e6 17. O-O-O d5 18. Nf4 Rg8 19. e5 Ne8 20. Nxd5 Nf8 21. Nf4 Qc7 22. Be4 f5 23. exf6 Nxf6 24. Bf3 c5 25. Bxb7 Rxb7 26. dxc5 Qxc5 27. Nd3 Qg5 28. Qxg5 Rxg5 29. Rde1 Re7 30. Ne5 Kg7 31. Nf3 Rd5 32. Re5 Ng6 33. Rxd5 Nxd5 34. Nh5+ Kf8 35. Re1 e5 36. Ng5 h6 37. Ne4 Rf7 38. Rd1 Ndf4 39. Nxf4 Rxf4 40. f3 Ke7 41. Rd5 a6 42. a4 bxa4 43. Ra5 Rh4 44. Rxa6 Nf4 45. g3 Rh1+ 46. Kd2 Rh2+ 47. Kc3 Nd5+ 48. Kc4 Ne3+ 49. Kd3 Nxc2 50. Rxa4 Ne1+ 51. Kc4 Rxb2 52. Ra7+ Kf8 53. Ra8+ 1/2-1/2

[Event "British Columbia-ch"]
[Site "Vancouver CAN"]
[Date "2004.04.12"]
[Round "6.2"]
[White "McLaren, Brian"]
[Black "Stanford, Mike"]
[Result "0-1"]
[WhiteElo "2284"]
[BlackElo "2176"]
[PlyCount "84"]
[GameId "2160767911166748"]
[EventDate "2004.04.09"]
[EventType "tourn"]
[EventRounds "7"]
[EventCountry "CAN"]

1. e4 c5 2. Nc3 Nc6 3. g3 g6 4. Bg2 Bg7 5. d3 d6 6. Be3 e5 7. Qd2 Nge7 8. Bh6 Bxh6 9. Qxh6 Nd4 10. Rc1 Qb6 11. Nd1 Be6 12. c3 Ndc6 13. a3 Qa6 14. Qe3 b6 15. Nf3 Bg4 16. O-O O-O 17. Nd2 Rad8 18. f3 Be6 19. Nf2 Kg7 20. f4 f6 21. Nf3 exf4 22. Qxf4 Ne5 23. d4 Nxf3+ 24. Bxf3 Qc8 25. h4 h6 26. Rfe1 g5 27. Qe3 Ng6 28. Bh5 Bf7 29. Kh2 Rde8 30. Qf3 Qd8 31. Bxg6 Bxg6 32. h5 Bh7 33. g4 Qe7 34. Re2 f5 35. gxf5 Rxf5 36. Qg3 Rf4 37. Rce1 Qf7 38. e5 Rf3 39. Qg2 Qf4+ 40. Kh1 Rg3 41. Qb7+ Kh8 42. Ne4 Qf3+ 0-1

[Event "British Columbia-ch"]
[Site "Vancouver CAN"]
[Date "2004.04.12"]
[Round "6.3"]
[White "Wu, Howard"]
[Black "Milicevic, Dragoljub"]
[Result "1-0"]
[WhiteElo "2182"]
[BlackElo "2211"]
[PlyCount "47"]
[GameId "2160767911166749"]
[EventDate "2004.04.09"]
[EventType "tourn"]
[EventRounds "7"]
[EventCountry "CAN"]

1. e4 d5 2. exd5 Nf6 3. c4 e6 4. d4 exd5 5. Nc3 Nc6 6. c5 a6 7. Nf3 Be7 8. h3 O-O 9. Bd3 Ne8 10. O-O Bf6 11. Be3 g6 12. Qb3 Be6 13. Qxb7 Qd7 14. Qxa8 Nb4 15. c6 Qe7 16. Bxa6 Nc2 17. Bd3 Nxa1 18. Rxa1 g5 19. Qa5 Qd8 20. Na4 Kh8 21. Nc5 Rg8 22. Ne5 h5 23. Nxe6 fxe6 24. Nf7+ 1-0

[Event "British Columbia-ch"]
[Site "Vancouver CAN"]
[Date "2004.04.12"]
[Round "7.1"]
[White "Yoos, John"]
[Black "Tegzes, Laszlo"]
[Result "1-0"]
[WhiteElo "2432"]
[BlackElo "2204"]
[PlyCount "93"]
[GameId "2160767911166753"]
[EventDate "2004.04.09"]
[EventType "tourn"]
[EventRounds "7"]
[EventCountry "CAN"]

1. e4 c5 2. Nf3 e6 3. d4 cxd4 4. Nxd4 Nf6 5. Nc3 Nc6 6. Ndb5 d6 7. Bf4 e5 8. Bg5 a6 9. Na3 b5 10. Bxf6 gxf6 11. Nd5 f5 12. Bd3 Be6 13. Qh5 Bg7 14. O-O f4 15. c4 bxc4 16. Bxc4 O-O 17. Rac1 Rb8 18. b3 Qd7 19. Rfd1 Kh8 20. Qh4 f5 21. Nxf4 exf4 22. Bxe6 Qxe6 23. Rxc6 fxe4 24. Rcxd6 Qe8 25. Nc4 e3 26. fxe3 fxe3 27. Re1 Qf7 28. Nxe3 Rbe8 29. h3 Qa7 30. Rd3 Rf6 31. Kh1 Ref8 32. Rdd1 Rf4 33. Ng4 Qc7 34. Rc1 Qd7 35. Red1 Qb5 36. Qe1 Qh5 37. Qe6 Qb5 38. Nh2 Rf2 39. Rc8 Qg5 40. Rxf8+ Bxf8 41. Ng4 Rxa2 42. Rf1 Qg7 43. Rf7 Ra1+ 44. Kh2 Bd6+ 45. Qxd6 Qxf7 46. Qe5+ Qg7 47. Nf6 1-0

[Event "British Columbia-ch"]
[Site "Vancouver CAN"]
[Date "2004.04.12"]
[Round "7.2"]
[White "Milicevic, Dragoljub"]
[Black "Meng, Fanhao"]
[Result "1/2-1/2"]
[WhiteElo "2211"]
[BlackElo "2296"]
[PlyCount "60"]
[GameId "2160767911166754"]
[EventDate "2004.04.09"]
[EventType "tourn"]
[EventRounds "7"]
[EventCountry "CAN"]

1. e4 g6 2. d4 Bg7 3. c4 d6 4. Nc3 Nd7 5. Nf3 c6 6. Be3 Qc7 7. Qd2 Ngf6 8. h3 a6 9. a4 O-O 10. Be2 Re8 11. O-O Rb8 12. e5 dxe5 13. dxe5 Nh5 14. g4 Nxe5 15. gxh5 Bxh3 16. Rfd1 Ng4 17. a5 Rbd8 18. Bb6 Rxd2 19. Bxc7 Rxb2 20. Rab1 Bxc3 21. Rxb2 Bxb2 22. Ng5 Nxf2 23. Kxf2 Bf5 24. Ke3 e5 25. Bb6 e4 26. hxg6 hxg6 27. Rd8 Bc1+ 28. Kd4 Bb2+ 29. Ke3 Bc1+ 30. Kd4 Bb2+ 1/2-1/2

[Event "British Columbia-ch U20"]
[Site "Vancouver CAN"]
[Date "2004.11.26"]
[Round "1.1"]
[White "Jiang, Louie"]
[Black "Meng, Fanhao"]
[Result "0-1"]
[WhiteElo "1723"]
[BlackElo "2264"]
[PlyCount "114"]
[GameId "2160767911052422"]
[EventDate "2004.11.26"]
[EventType "swiss"]
[EventRounds "5"]
[EventCountry "CAN"]
[SourceTitle "Scoresheets"]

1. e4 e5 2. Nf3 Nc6 3. Bb5 f5 4. d3 Nf6 5. Nc3 Bb4 6. exf5 d6 7. O-O Bxf5 8. Re1 O-O 9. a3 Ba5 10. b4 Bb6 11. Be3 Bg4 12. Bxb6 axb6 13. Bxc6 bxc6 14. h3 Bxf3 15. gxf3 Nh5 16. Re4 Nf4 17. Kh2 d5 18. Rxe5 Qd6 19. d4 Ng6 20. Qe2 Nxe5 21. dxe5 Qe6 22. Qe3 d4 23. Qxd4 Rxf3 24. Kg1 Rxh3 25. Kg2 Rh5 26. f3 Qg6+ 27. Kf2 Rh2+ 28. Ke3 Qh6+ 29. Qf4 Qxf4+ 30. Kxf4 Rxc2 31. Ne4 Re2 32. e6 Rf8+ 33. Ke5 Rxf3 34. Rd1 Rf8 35. Rd7 g6 36. Rxc7 Rf5+ 37. Kd6 Rxe4 38. e7 Rfe5 39. Rc8+ Kg7 40. Kxc6 Rc4+ 41. Kd7 Rxe7+ 42. Kxe7 Rxc8 43. Kd6 h5 44. Ke5 Rc4 45. Kd6 h4 46. Kd5 b5 47. a4 Rxb4 48. axb5 Rxb5+ 49. Ke4 Rb3 50. Ke5 h3 51. Kd5 h2 52. Kc4 Rb1 53. Kd5 h1=Q+ 54. Kc5 Rd1 55. Kb5 Qd5+ 56. Kb4 Rb1+ 57. Ka3 Qa5# 0-1

[Event "British Columbia-ch U20"]
[Site "Vancouver CAN"]
[Date "2004.11.26"]
[Round "1.2"]
[White "Davies, Lucas"]
[Black "Tang, Tiffany"]
[Result "1-0"]
[WhiteElo "2143"]
[BlackElo "1721"]
[PlyCount "99"]
[GameId "2160767911052423"]
[EventDate "2004.11.26"]
[EventType "swiss"]
[EventRounds "5"]
[EventCountry "CAN"]
[SourceTitle "Scoresheets"]

1. e4 c5 2. Nc3 Nc6 3. g3 g6 4. Bg2 Bg7 5. d3 d6 6. Be3 e6 7. Qd2 Rb8 8. Nge2 Nd4 9. Nd1 Nxe2 10. Qxe2 Qa5+ 11. c3 b5 12. O-O b4 13. Qd2 Ne7 14. c4 O-O 15. d4 Bb7 16. dxc5 dxc5 17. Qd6 Rfe8 18. Qxc5 Qxc5 19. Bxc5 a5 20. Rc1 b3 21. Bd6 Rbd8 22. c5 Bh6 23. f4 Bg7 24. axb3 Bd4+ 25. Kh1 Ba6 26. Re1 Nc6 27. Ra1 Nb4 28. Nc3 Nc2 29. Rec1 Nxa1 30. Rxa1 Bb7 31. e5 Bxg2+ 32. Kxg2 Bxc5 33. Bxc5 Rd2+ 34. Kh3 Rxb2 35. Rxa5 Rxb3 36. Ne4 Reb8 37. Bd6 Rc8 38. Ra7 h6 39. Nf6+ Kg7 40. Ng4 Rh8 41. Be7 Kh7 42. Nf6+ Kg7 43. Ne4 Rhb8 44. Nd6 Kg8 45. Rd7 Rb2 46. Nxf7 Kxf7 47. Bd6+ Ke8 48. Re7+ Kd8 49. Rxe6 R8b6 50. Rxg6 1-0

[Event "British Columbia-ch U20"]
[Site "Vancouver CAN"]
[Date "2004.11.26"]
[Round "1.3"]
[White "Petrov, Ivan"]
[Black "Kostin, Andrey"]
[Result "1-0"]
[WhiteElo "1664"]
[BlackElo "2046"]
[PlyCount "94"]
[GameId "2160767911052424"]
[EventDate "2004.11.26"]
[EventType "swiss"]
[EventRounds "5"]
[EventCountry "CAN"]
[SourceTitle "Scoresheets"]

1. d4 d5 2. c4 e6 3. Nc3 c6 4. e3 Nf6 5. Nf3 Nbd7 6. Bd3 dxc4 7. Bxc4 b5 8. Bd3 Bb7 9. O-O a6 10. e4 c5 11. d5 exd5 12. exd5 Be7 13. d6 Bxd6 14. Bxb5 O-O 15. Qxd6 axb5 16. Bg5 b4 17. Ne2 Qa5 18. Ng3 c4 19. Be3 Rac8 20. Nd4 Ne5 21. a3 b3 22. Ngf5 Rcd8 23. Qe7 Qd5 24. f3 Ng6 25. Qb4 Ng4 26. Rad1 Nxe3 27. Nxe3 Qg5 28. Rfe1 Rb8 29. Qc3 Nh4 30. Rf1 Rfe8 31. f4 Qg6 32. g3 Qe4 33. Kf2 Ng2 34. Ndf5 f6 35. Qxc4+ Qxc4 36. Nxc4 Ba6 37. Nfd6 Bxc4 38. Nxc4 Rbc8 39. Rc1 Rxc4 40. Rxc4 Ne3 41. Rc3 Nxf1 42. Kxf1 Rb8 43. Ke2 Kf7 44. Re3 Rc8 45. Rxb3 Rc2+ 46. Kf3 Rxh2 47. a4 Rh5 1-0

[Event "British Columbia-ch U20"]
[Site "Vancouver CAN"]
[Date "2004.11.26"]
[Round "1.4"]
[White "Daswani, Benedict"]
[Black "Churchill, Sam"]
[Result "1-0"]
[WhiteElo "1912"]
[BlackElo "1586"]
[PlyCount "43"]
[GameId "2160767911052425"]
[EventDate "2004.11.26"]
[EventType "swiss"]
[EventRounds "5"]
[EventCountry "CAN"]
[SourceTitle "Scoresheets"]

1. g3 d5 2. d3 c6 3. Nd2 Bf5 4. e4 dxe4 5. dxe4 Bg6 6. Ngf3 Nf6 7. Qe2 e6 8. Bg2 Nbd7 9. O-O Bc5 10. a3 Bh5 11. b4 Bd4 12. Rb1 Ne5 13. Nb3 Bb6 14. Bb2 Bc7 15. Nc5 b6 16. Na6 Ned7 17. Qc4 Rc8 18. Nd4 Ne5 19. Qb3 O-O 20. f4 Neg4 21. h3 Ne3 22. Qxe3 1-0

[Event "British Columbia-ch U20"]
[Site "Vancouver CAN"]
[Date "2004.11.26"]
[Round "1.5"]
[White "Huang, Richard"]
[Black "Sum, Peter"]
[Result "1-0"]
[WhiteElo "1414"]
[BlackElo "1766"]
[PlyCount "59"]
[GameId "2160767911052426"]
[EventDate "2004.11.26"]
[EventType "swiss"]
[EventRounds "5"]
[EventCountry "CAN"]
[SourceTitle "Scoresheets"]

1. e4 e5 2. Nf3 Nf6 3. Nc3 Nc6 4. Bb5 Nd4 5. Bc4 d6 6. h3 Be7 7. d3 Ne6 8. O-O Nh5 9. Nxe5 g6 10. Nf3 Nef4 11. Bxf4 Nxf4 12. Nd5 Nxd5 13. Bxd5 c6 14. Bb3 Bf6 15. c3 O-O 16. Qd2 Re8 17. Rae1 Be6 18. Bc2 Qb6 19. Qc1 Rad8 20. d4 Bg7 21. Bd3 Qa5 22. Qb1 Qh5 23. Be2 Bc8 24. Nh2 Qg5 25. Nf3 Qf4 26. Bd1 Re7 27. Nh2 Rde8 28. Bf3 f5 29. g3 Qh6 30. h4 1-0

[Event "British Columbia-ch U20"]
[Site "Vancouver CAN"]
[Date "2004.11.27"]
[Round "2.1"]
[White "Meng, Fanhao"]
[Black "Daswani, Benedict"]
[Result "1-0"]
[WhiteElo "2264"]
[BlackElo "1912"]
[PlyCount "59"]
[GameId "2160767911052427"]
[EventDate "2004.11.26"]
[EventType "swiss"]
[EventRounds "5"]
[EventCountry "CAN"]
[SourceTitle "Scoresheets"]

1. e4 g6 2. d4 d6 3. Nc3 Bg7 4. Be3 Nf6 5. f3 O-O 6. Qd2 a6 7. O-O-O b5 8. a3 c6 9. g4 Qa5 10. h4 Nfd7 11. Bh6 c5 12. Bxg7 Kxg7 13. h5 Kg8 14. Qh6 g5 15. Qxg5+ Kh8 16. Qxe7 cxd4 17. Nd5 Bb7 18. Qxd6 Rd8 19. Nc7 Ra7 20. Qxd4+ Kg8 21. h6 f6 22. Ne6 Nc6 23. Qd6 Re8 24. Qxd7 Re7 25. Qd6 Bc8 26. Nc5 Rac7 27. Nh3 Ne5 28. Be2 Nc4 29. Qd5+ Kf8 30. Bxc4 1-0

[Event "British Columbia-ch U20"]
[Site "Vancouver CAN"]
[Date "2004.11.27"]
[Round "2.2"]
[White "Petrov, Ivan"]
[Black "Davies, Lucas"]
[Result "1/2-1/2"]
[WhiteElo "1664"]
[BlackElo "2143"]
[PlyCount "78"]
[GameId "2160767911052428"]
[EventDate "2004.11.26"]
[EventType "swiss"]
[EventRounds "5"]
[EventCountry "CAN"]
[SourceTitle "Scoresheets"]

1. d4 Nf6 2. c4 g6 3. Nc3 Bg7 4. e4 d6 5. f3 O-O 6. Be3 Nc6 7. Nge2 a6 8. Qd2 Rb8 9. Bh6 b5 10. Bxg7 Kxg7 11. d5 Ne5 12. cxb5 axb5 13. Nd4 b4 14. Nd1 c5 15. dxc6 Qb6 16. Ne3 Nxc6 17. Nxc6 Qxc6 18. Bc4 Ba6 19. Rc1 Rfc8 20. O-O Bxc4 21. Rxc4 Qb6 22. Rfc1 Rxc4 23. Rxc4 d5 24. exd5 Nxd5 25. Qxd5 Qxe3+ 26. Kf1 e6 27. Qd4+ Qxd4 28. Rxd4 Kf6 29. Ke2 e5 30. Rc4 Ke6 31. Kd3 f5 32. Rc7 Ra8 33. Rb7 Rxa2 34. Rxb4 Ra1 35. Rb6+ Kd5 36. Rb5+ Kd6 37. Rb6+ Kc5 38. Rb7 Rg1 39. g3 Rd1+ 1/2-1/2

[Event "British Columbia-ch U20"]
[Site "Vancouver CAN"]
[Date "2004.11.27"]
[Round "2.3"]
[White "Raymer, Evan"]
[Black "Huang, Richard"]
[Result "0-1"]
[WhiteElo "1661"]
[BlackElo "1414"]
[PlyCount "130"]
[GameId "2160767911052429"]
[EventDate "2004.11.26"]
[EventType "swiss"]
[EventRounds "5"]
[EventCountry "CAN"]
[SourceTitle "Scoresheets"]

1. e4 c5 2. Nc3 Nc6 3. g3 g6 4. Bg2 Bg7 5. d3 d6 6. f4 e6 7. Nge2 Nge7 8. Be3 b6 9. O-O O-O 10. g4 f5 11. gxf5 exf5 12. Ng3 Rb8 13. exf5 Bxf5 14. Be4 Bh3 15. Bg2 Bxg2 16. Kxg2 Nf5 17. Nxf5 Rxf5 18. Qf3 Ne7 19. Ne4 Bxb2 20. Rab1 Bg7 21. Ng3 Rf7 22. Qg4 Nf5 23. Nxf5 Rxf5 24. Rbe1 Qd7 25. Bd2 Rf7 26. Qxd7 Rxd7 27. f5 gxf5 28. Rxf5 Rf7 29. Rd5 Be5 30. Re2 Rf6 31. Be1 Rb7 32. Bg3 Rg7 33. Re3 Rgg6 34. c4 Bxg3 35. hxg3 Re6 36. Re4 Kf7 37. Rf4+ Rgf6 38. Rxf6+ Rxf6 39. g4 Ke6 40. Rh5 h6 41. Kg3 a6 42. a4 Kd7 43. g5 Rg6 44. Rxh6 Rxg5+ 45. Kf4 Rg1 46. Ke4 Kc6 47. a5 bxa5 48. Rh2 Ra1 49. Rb2 Kc7 50. Kd5 Ra3 51. Ke4 a4 52. Ke3 Rb3 53. Ra2 a3 54. Kd2 Rb2+ 55. Rxb2 axb2 56. Kc2 Kc6 57. Kxb2 d5 58. Ka3 dxc4 59. dxc4 Kd6 60. Ka4 Ke5 61. Ka5 Kd4 62. Kxa6 Kxc4 63. Ka5 Kd3 64. Ka4 c4 65. Ka3 Kd2 0-1

[Event "British Columbia-ch U20"]
[Site "Vancouver CAN"]
[Date "2004.11.27"]
[Round "2.4"]
[White "Raymer, Elliot"]
[Black "Gaciu, Vlad"]
[Result "0-1"]
[WhiteElo "1518"]
[BlackElo "1594"]
[PlyCount "92"]
[GameId "2160767911052430"]
[EventDate "2004.11.26"]
[EventType "swiss"]
[EventRounds "5"]
[EventCountry "CAN"]
[SourceTitle "Scoresheets"]

1. e4 c6 2. d4 d5 3. exd5 cxd5 4. c4 Nf6 5. Nf3 Bg4 6. h3 Bh5 7. c5 Nc6 8. Be2 e6 9. Bf4 Qa5+ 10. Bd2 Qc7 11. Nc3 Bxf3 12. gxf3 Nxd4 13. Qa4+ Nc6 14. Nb5 Qd7 15. b4 Be7 16. Rg1 Kf8 17. Nc3 Nd4 18. Qxd7 Nxd7 19. O-O-O Rc8 20. Rg4 Nxe2+ 21. Nxe2 b6 22. Rdg1 Bf6 23. Bc3 bxc5 24. Bxf6 gxf6 25. Kb1 Rb8 26. a3 a5 27. Ka2 axb4 28. axb4 Rxb4 29. Rxb4 cxb4 30. Rb1 Rg8 31. Ng3 Ke7 32. Rxb4 Ra8+ 33. Kb2 Rb8 34. Rxb8 Nxb8 35. Kc3 Nc6 36. Ne2 e5 37. f4 Ke6 38. Kd3 Kf5 39. Ke3 Nd4 40. Ng3+ Ke6 41. h4 Nf5+ 42. Kf3 Nxg3 43. fxg3 f5 44. h5 d4 45. Ke2 e4 46. Kd2 Kd5 0-1

[Event "British Columbia-ch U20"]
[Site "Vancouver CAN"]
[Date "2004.11.27"]
[Round "2.5"]
[White "Kostin, Andrey"]
[Black "Trandafir, Stefan"]
[Result "1-0"]
[WhiteElo "2046"]
[BlackElo "1581"]
[PlyCount "87"]
[GameId "2160767911052431"]
[EventDate "2004.11.26"]
[EventType "swiss"]
[EventRounds "5"]
[EventCountry "CAN"]
[SourceTitle "Scoresheets"]

1. d4 f5 2. Nc3 Nf6 3. Bg5 e6 4. e4 Be7 5. Bxf6 Bxf6 6. Nf3 d5 7. e5 Be7 8. Bd3 O-O 9. h4 Bd7 10. Ne2 Be8 11. Nf4 Bf7 12. g3 c5 13. dxc5 Bxc5 14. Ng5 Qb6 15. O-O Nd7 16. Qe2 a6 17. c3 Rae8 18. Kg2 Qc7 19. Rae1 Ba7 20. Qc2 Bb8 21. Bxf5 exf5 22. e6 Bg6 23. exd7 Qxd7 24. Nxg6 hxg6 25. Rd1 Qc6 26. Qb3 Rd8 27. Rfe1 Rf6 28. Re7 b5 29. Rde1 Rd7 30. Re8+ Rf8 31. R8e6 Rd6 32. Rxd6 Bxd6 33. Ne6 Rf6 34. Nd4 Qc4 35. Qc2 Qxa2 36. Qe2 Qc4 37. Qe8+ Kh7 38. Ne6 Bf4 39. Ng5+ Bxg5 40. hxg5 Qg4 41. Rh1+ Qh5 42. Rxh5+ gxh5 43. gxf6 gxf6 44. Qxh5+ 1-0

[Event "British Columbia-ch U20"]
[Site "Vancouver CAN"]
[Date "2004.11.27"]
[Round "2.6"]
[White "Sum, Peter"]
[Black "Tang, Tiffany"]
[Result "1-0"]
[WhiteElo "1766"]
[BlackElo "1721"]
[PlyCount "61"]
[GameId "2160767911052432"]
[EventDate "2004.11.26"]
[EventType "swiss"]
[EventRounds "5"]
[EventCountry "CAN"]
[SourceTitle "Scoresheets"]

1. d4 Nf6 2. c4 g6 3. Nc3 Bg7 4. e4 d6 5. f3 O-O 6. Be3 Nc6 7. Qd2 a6 8. O-O-O Rb8 9. Bh6 e5 10. Nge2 exd4 11. Nxd4 Nxd4 12. Bxg7 Nxf3 13. Bxf6 Qxf6 14. gxf3 Qxf3 15. Be2 Qf6 16. Nd5 Qd8 17. Rdf1 f5 18. exf5 Bxf5 19. Bd3 Bxd3 20. Qxd3 c6 21. Nc3 Qg5+ 22. Kb1 Rbd8 23. Rxf8+ Kxf8 24. Rf1+ Ke7 25. Re1+ Kf7 26. Ne4 Qe5 27. Qd2 Qf5 28. Kc1 Qd7 29. Qh6 Rh8 30. Rf1+ Ke7 31. Qg7+ 1-0

[Event "British Columbia-ch U20"]
[Site "Vancouver CAN"]
[Date "2004.11.27"]
[Round "2.7"]
[White "Churchill, Sam"]
[Black "Jiang, Louie"]
[Result "1-0"]
[WhiteElo "1586"]
[BlackElo "1723"]
[PlyCount "120"]
[GameId "2160767911052433"]
[EventDate "2004.11.26"]
[EventType "swiss"]
[EventRounds "5"]
[EventCountry "CAN"]
[SourceTitle "Scoresheets"]

1. e4 c5 2. b3 d6 3. Bb2 Nc6 4. Bb5 Bd7 5. f4 a6 6. Bxc6 Bxc6 7. d3 e6 8. Nf3 Nf6 9. O-O Be7 10. Qe1 O-O 11. Nbd2 b5 12. e5 Ne8 13. exd6 Nxd6 14. Ne5 Bb7 15. Ne4 Nxe4 16. dxe4 Qc7 17. Qg3 f6 18. Ng4 Bxe4 19. Rae1 Bd5 20. Re3 Kh8 21. Qh3 c4 22. Rg3 Be4 23. Nf2 Bg6 24. Rxg6 Qxf4 25. Rg4 Qf5 26. Rh4 Qxc2 27. Ne4 h6 28. Ba1 cxb3 29. axb3 Qc6 30. Qg3 e5 31. Qg6 Ra7 32. Ng5 Qc5+ 33. Bd4 fxg5 34. Rxh6+ gxh6 35. Qxh6+ Kg8 36. Qg6+ Kh8 37. Rxf8+ Bxf8 38. Bxc5 Bxc5+ 39. Kf1 Rg7 40. Qxa6 Rf7+ 41. Ke1 Bf2+ 42. Ke2 b4 43. Qh6+ Kg8 44. Qxg5+ Kf8 45. Qh6+ Ke7 46. Qg5+ Ke6 47. Qg6+ Rf6 48. Qxf6+ Kxf6 49. Kxf2 Kf5 50. Ke3 Kg5 51. Ke4 Kf6 52. h4 Ke6 53. g4 Kf6 54. g5+ Ke6 55. h5 Kf7 56. Kxe5 Kg7 57. Kd4 Kh7 58. Kc4 Kg7 59. Kxb4 Kh7 60. Kc5 Kg7 1-0

[Event "British Columbia-ch U20"]
[Site "Vancouver CAN"]
[Date "2004.11.27"]
[Round "3.1"]
[White "Huang, Richard"]
[Black "Meng, Fanhao"]
[Result "0-1"]
[WhiteElo "1414"]
[BlackElo "2264"]
[PlyCount "96"]
[GameId "2160767911052434"]
[EventDate "2004.11.26"]
[EventType "swiss"]
[EventRounds "5"]
[EventCountry "CAN"]
[SourceTitle "Scoresheets"]

1. e4 g6 2. d4 Bg7 3. Nc3 d6 4. Be3 Nd7 5. Qd2 c6 6. Bc4 b5 7. Bd3 Qc7 8. Nf3 Ngf6 9. a3 a6 10. h3 Bb7 11. O-O c5 12. Bh6 Bxh6 13. Qxh6 c4 14. Be2 Nxe4 15. Qg7 Rf8 16. Qxh7 Nxc3 17. bxc3 Nf6 18. Qh6 Qa5 19. Qe3 Nd5 20. Qd2 Qxc3 21. Rfe1 Qxd2 22. Nxd2 Nf4 23. Bf1 Rh8 24. a4 Kd7 25. Rab1 Bc6 26. Ne4 Bxe4 27. Rxe4 Nd5 28. Ra1 Rhc8 29. Ree1 Nc3 30. axb5 axb5 31. g3 d5 32. Kh2 b4 33. Bg2 Rxa1 34. Rxa1 b3 35. Ra7+ Rc7 36. Rxc7+ Kxc7 37. cxb3 cxb3 38. Bf1 b2 39. Bd3 b1=Q 40. Bxb1 Nxb1 41. g4 g5 42. Kg3 Nc3 43. f3 Ne2+ 44. Kf2 Nxd4 45. f4 gxf4 46. h4 e5 47. h5 Ne6 48. h6 Ng5 0-1

[Event "British Columbia-ch U20"]
[Site "Vancouver CAN"]
[Date "2004.11.27"]
[Round "3.2"]
[White "Gaciu, Vlad"]
[Black "Davies, Lucas"]
[Result "0-1"]
[WhiteElo "1594"]
[BlackElo "2143"]
[PlyCount "70"]
[GameId "2160767911052435"]
[EventDate "2004.11.26"]
[EventType "swiss"]
[EventRounds "5"]
[EventCountry "CAN"]
[SourceTitle "Scoresheets"]

1. d4 Nf6 2. Nf3 g6 3. e3 Bg7 4. Bd3 O-O 5. Nbd2 d6 6. e4 c5 7. c3 Nc6 8. d5 Nb8 9. O-O Nbd7 10. Re1 Rb8 11. a4 Ne8 12. Rb1 Nc7 13. c4 e5 14. Nf1 f5 15. exf5 gxf5 16. Bg5 Nf6 17. N3d2 Qe8 18. Ng3 Qg6 19. Bh4 Na6 20. Be2 Nb4 21. Nh5 Bh8 22. Nf1 f4 23. Nxf6+ Bxf6 24. Bh5 Qg7 25. Bxf6 Rxf6 26. Bf3 Bf5 27. Rc1 Nd3 28. Rc3 Nxe1 29. Qxe1 Kh8 30. Be4 Bxe4 31. Qxe4 Rg8 32. Rh3 Rg6 33. g3 Qd7 34. Rh5 Qxa4 35. Nd2 Qd1+ 0-1

[Event "British Columbia-ch U20"]
[Site "Vancouver CAN"]
[Date "2004.11.27"]
[Round "3.3"]
[White "Daswani, Benedict"]
[Black "Petrov, Ivan"]
[Result "1-0"]
[WhiteElo "1812"]
[BlackElo "1664"]
[PlyCount "53"]
[GameId "2160767911052436"]
[EventDate "2004.11.26"]
[EventType "swiss"]
[EventRounds "5"]
[EventCountry "CAN"]
[SourceTitle "Scoresheets"]

1. g3 d5 2. d3 e5 3. Bg2 Nf6 4. Nf3 Bd6 5. c4 c6 6. Qa4 h6 7. cxd5 Nxd5 8. Nc3 Be6 9. d4 Nd7 10. dxe5 Nxe5 11. Nd4 Nxc3 12. bxc3 Bd7 13. Qb3 Rb8 14. Bf4 Qc7 15. Rd1 O-O 16. O-O a6 17. c4 c5 18. Nc2 Be6 19. Bxe5 Bxe5 20. Ne3 b5 21. Bd5 Rfe8 22. Qa3 Qb6 23. Bxe6 fxe6 24. Qd3 Red8 25. Qg6 b4 26. Ng4 Bd4 27. Nxh6+ 1-0

[Event "British Columbia-ch U20"]
[Site "Vancouver CAN"]
[Date "2004.11.27"]
[Round "3.4"]
[White "Sum, Peter"]
[Black "Kostin, Andrey"]
[Result "0-1"]
[WhiteElo "1766"]
[BlackElo "2046"]
[PlyCount "122"]
[GameId "2160767911052437"]
[EventDate "2004.11.26"]
[EventType "swiss"]
[EventRounds "5"]
[EventCountry "CAN"]
[SourceTitle "Scoresheets"]

1. d4 d5 2. c4 e6 3. Nf3 c6 4. e3 Nf6 5. Nc3 Nbd7 6. Qc2 Bd6 7. cxd5 exd5 8. Bd3 O-O 9. O-O Re8 10. Re1 Nf8 11. e4 dxe4 12. Nxe4 Nxe4 13. Rxe4 Rxe4 14. Bxe4 Ng6 15. Bg5 Qa5 16. Bd2 Qh5 17. Re1 Bd7 18. Qb3 Rb8 19. Qe3 Be6 20. b3 Nf4 21. Ne5 Nd5 22. Qf3 Qxf3 23. Bxf3 Rd8 24. Nc4 Be7 25. Ne3 Bf8 26. Nxd5 Bxd5 27. Bxd5 Rxd5 28. Bc3 Rd8 29. Kf1 f6 30. Ke2 Re8+ 31. Kd3 Rxe1 32. Bxe1 Kf7 33. Kc4 Ke6 34. Kd3 Kd5 35. Bc3 Bd6 36. Bd2 b5 37. g3 Ba3 38. Bc3 g6 39. f3 Bc1 40. Be1 Bb2 41. Bf2 f5 42. Be3 Ba3 43. Bf4 Bd6 44. Be3 h5 45. Bg5 Bc7 46. b4 Bd6 47. a3 Ke6 48. Kc3 f4 49. Bxf4 Bxf4 50. gxf4 h4 51. Kd3 Kf5 52. Ke3 h3 53. Ke2 Kxf4 54. Kf2 a6 55. Ke2 Kf5 56. Ke3 g5 57. Kf2 Kf4 58. Ke2 Kf5 59. Ke3 Ke6 60. Ke4 Kf6 61. f4 g4 0-1

[Event "British Columbia-ch U20"]
[Site "Vancouver CAN"]
[Date "2004.11.27"]
[Round "3.5"]
[White "Trandafir, Stefan"]
[Black "Churchill, Sam"]
[Result "1/2-1/2"]
[WhiteElo "1581"]
[BlackElo "1586"]
[PlyCount "48"]
[GameId "2160767911052438"]
[EventDate "2004.11.26"]
[EventType "swiss"]
[EventRounds "5"]
[EventCountry "CAN"]
[SourceTitle "Scoresheets"]

1. d4 Nf6 2. c4 c5 3. d5 b5 4. Nc3 b4 5. Nb1 g6 6. Bf4 d6 7. Nd2 Bg7 8. Qc2 Nbd7 9. e4 Nb6 10. Bg3 O-O 11. Be2 a5 12. f4 e6 13. dxe6 fxe6 14. Rd1 Qe7 15. Ngf3 Bb7 16. O-O Ng4 17. Qd3 e5 18. fxe5 Nxe5 19. Nxe5 Bxe5 20. b3 a4 21. Bg4 axb3 22. axb3 Rxf1+ 23. Rxf1 Bc8 24. Bxc8 Rxc8 1/2-1/2